00186nam a2200073Ia 4500008004100000050001900041100001800060245003400078230915s9999 xx 000 0 und d aSB 45 .F5 1978 aHEYWOOD V. H. 0aFLOWERING PLANTS OF THE WORLD